000 02584nam0a2200349 4500
001 RU\NLR\BIBL_A\022709473
005 20260325150734.0
010 _a978-5-91215-244-3
_9100
021 _aRU
_bКН-П-25-073133
_9КН-П-25-7083
035 _a(NLR Aleph) 022709473
090 _a13643735
_c13643735
100 _a20260127d2025 u y0rusy50 ca
101 0 _arus
102 _aRU
105 _aa j 000yy
181 0 _ai3
_baxxe
182 0 _an
200 1 _aХолангиопатии у детей и подростков
_eучебное пособие
_eдля педиатров, гастроэнтерологов, врачей общей практики, а также для врачей-интернов, клинических ординаторов, аспирантов
_fВолынец Г. В., Морозов Д. А., Пампура А. Н. [и др.]
_gНаучно-исследовательский клинический институт педиатрии и детской хирургии им. академика Ю. Е. Вельтищева ФГАОУ РНИМУ им. Н. И. Пирогова Минздрава России, Кафедра инновационной педиатрии и детской хирургии Института непрерывного образования и профессионального развития ФГАОУ ВО РНИМУ им. Н. И. Пирогова Минздрава России
203 _aТекст
_bвизуальный
_cнепосредственный
210 _aМосква
_cИздательский Дом ТОНЧУ
_d2025
215 _a59 с.
_cил., табл.
_d21
300 _aНа обороте тит. л. авт.: Волынец Г. В., д-р мед. наук, проф., Морозов Д. А., д-р мед. наук, проф., Пампура А. Н., д-р мед. наук, проф. [и др.]
320 _aБиблиогр.: с. 41-53 (141 назв.)
606 1 _aЖелчные пути детей
_xБолезни
_jУчебные издания
_2nlr_sh2
_3RU\NLR\AUTH\661335417
686 1 _aР733.413.52я77
701 1 _aВолынец
_bГ. В.
_gГалина Васильевна
701 1 _aМорозов
_bД. А.
_cд-р мед. наук, полит. деятель
_f1971-
_gДмитрий Анатольевич
_3RU\NLR\AUTH\770275049
701 1 _aПампура
_bА. Н.
_gАлександр Николаевич
942 _cBOOK
980 _aNB